Statistics for Movies by First Word.

Click here to take the quiz!

General Stats

  • This quiz has been taken 92 times
  • The average score is 12 of 15

Answer Stats

HintAnswer% Correct
ForrestForrest Gump
100%
JurassicJurassic Park/ Jurassic World
99%
BeautyBeauty and the Beast
93%
DespicableDespicable Me
93%
DirtyDirty Harry/ Dirty Dancing
90%
GuardiansGuardians of the Galaxy
89%
LethalLethal Weapon
87%
WizardWizard of Oz
85%
JusticeJustice League
79%
RagingRaging Bull
78%
RaidersRaiders of the Lost Ark
78%
RushRush Hour
76%
WreckWreck-It Ralph
76%
CloseClose Encounters of the Third Kind
65%
HoneyHoney, I Shrunk the Kids
55%

Score Distribution

Percentile by Number Answered

Percent of People with Each Score

Your Score History

You have not taken this quiz